000 00534nam a2200181Ia 4500
003 OSt
005 20200106143635.0
008 190216s9999||||xx |||||||||||||| ||und||
020 _a0074633139
040 _coclc
082 _a332.0954
_bBHO/F
100 _aBhole, L M
_91011
245 0 _aFinancial Institutions And Markets /
_cL M Bhole
250 _a3rd ed.
260 _bTata Mcgraw Hill Publishing Company Ltd,
_c2002.
_aNew Delhi:
300 _a564p
942 _cBK
_2ddc
_h332.0954
_iBHO/F
_k332.0954
_mBHO/F
999 _c6232
_d6232